banner-ar

المؤرخون التونسيون فى القرون 17_18 _19م : رسالة فى تاريخ الثقافة / (Record no. 35219)

MARC details
000 -الفاتح
حقل البيانات ثابتة الطول 00794nam a2200217Ia 4500
008 - عناصر البيانات ثابتة الطول - معلومات عامة
حقل البيانات ثابتة الطول 140319s9999 xx 000 0 ara d
040 ## - مصدر الفهرسة
وكالة الفهرسة الأصلية GCL /
وكالة النسخ GCL
082 04 - رقم تصنيف ديوى العشرى
رقم التصنيف 907.2
رقم المادة ا م
100 1# - المدخل الرئيسى - إسم شخصى
الإسم الشخصى عبدالرازق الحليوى
245 10 - بيان العنوان
العنوان المؤرخون التونسيون فى القرون 17_18 _19م : رسالة فى تاريخ الثقافة /
بيان المسئوليه,etc عبدالرازق الحليوى
700 1# - المدخل الاضافى - اسم شخصى
الإسم الشخصى احمد عبدالسلام
260 ## - PUBLICATION, DISTRIBUTION, ETC. (IMPRINT)
تاريخ النشر أو التوزيع 1993
300 ## - الوصف المادى
التعداد 602
490 ## - بيان السلسلة
عنوان السلسلة الترجمة - تاريخ
رقم المجلد/ التعيين التسلسلي 0
650 04 - المدخل الاضافى بالموضوع-مصطلح موضوعى
مصطلح موضوعي تونس
650 04 - المدخل الاضافى بالموضوع-مصطلح موضوعى
مصطلح موضوعي التاريخ الاسلامى
650 04 - المدخل الاضافى بالموضوع-مصطلح موضوعى
مصطلح موضوعي الثقافة
650 04 - المدخل الاضافى بالموضوع-مصطلح موضوعى
مصطلح موضوعي المؤرخون التونسيون
942 ## - عناصر المدخل الإضافي( كوها)
مصدر التصنيف او مخطط الترفيف Dewey Decimal Classification
Koha [default] item type كتاب
260 ## - PUBLICATION, DISTRIBUTION, ETC. (IMPRINT)
-- [S.N] :
-- المجمع التونسى للعلوم والاداب والفنون ،
Holdings
حالة التراجع حالة الفقد حالة تلف ليس للاعارة المكان المؤقت الموقع الحالى تاريخ الاكتساب اجمالي اﻻعارات رقم الطلب الباركود تاريخ اخر مشاهدة تاريخ تفعيل السعر نوع وعاء كوها
        مكتبة القاهرة الكبرى مكتبة القاهرة الكبرى 03/26/2014   907.2\ا م 85667 03/26/2014 03/26/2014 كتاب
        مكتبة القاهرة الكبرى مكتبة القاهرة الكبرى 03/26/2014   907.2\ا م 85668 03/26/2014 03/26/2014 كتاب

Powered By

EGPV